00379nam a2200157Ia 45000010006000000050017000060080041000230410008000640820016000721000032000882450048001202600009001683000028001776500008002056540008002131335720260306164755.0260306t2007||||xx |||||||||||||| ||spa|| aESP a001.42bW19 aWalker, Melissa, 1941-eAUT 0aCómo escribir trabajos de investigación c2007 a473 páginas :c24 cm. aGEN aCHU